Moderní pojetí mikroklimatu pracovišť

Bibliographic Details
Main Author: Jokl, Miloslav, 1933-2012 (Author)
Format: Article
Language:Czech

MARC

LEADER 00000nab a2200000uu 4500
001 vtls011460769
003 SK-MaSNL
005 20260303151553.0
008 230222|1973 xo |||||||||||||||||cze|
015 |a SNBRB 
035 |a (urnnbn)urn:nbn:sk:snk:ar-a0acm9 
035 |a (uuid)6975651b-7580-42b8-93a9-28a3fb2bd4c9 
035 |a urn:nbn:sk:snk-abculk 
040 |a SNKBUCL  |b slo  |c SNKBUCL  |e AACR2 
041 0 |a cze 
044 |a xo  |c SK 
100 1 |a Jokl, Miloslav,  |d 1933-2012  |4 aut  |9 195095 
245 1 0 |a Moderní pojetí mikroklimatu pracovišť  |c Miloslav Jokl 
773 0 |t Životné prostredie : revue pre teóriu a starostlivosť o životné prostredie  |g Roč. 7, č. 2 (1973), s. 81-83 
958 |a OND 
958 |a EUIPO 
958 |a article16 
999 |c 2018396  |d 2020326